{"text_format":"2","workbook":"xlsx","n_sheets":1,"sheets":["FINAL"],"not_rendered":{"charts":0,"images":1,"macros":0,"external_links":1,"defined_names":37,"comments":0,"pivot_tables":0},"unopened":[],"bounds":{"document_bytes":16777216,"sheet_cells":100000,"run_cost":"one","rows_first":2000,"rows_last":500,"rows_between":2000,"halvings":0,"cell_chars":16384,"cell_head_chars":4096},"cells_cut":0,"cells_raw":0,"read":"whole","date_system":"1900"}

{"sheet":"FINAL","index":0,"n_rows":120,"n_cols":9,"rows_kept":120,"cut":false,"hidden":false,"merged":[[108,0,108,5],[0,3,0,8],[1,3,1,8],[2,3,2,8],[3,1,3,8],[4,0,4,3],[4,6,4,8],[5,0,5,3],[5,6,5,8],[6,6,6,7],[7,6,7,7],[8,0,8,8]]}
[null,null,null,"                    Ministério da Integração Nacional"]
[null,null,null,"                           Companhia de Desenvolvimento dos Vales do São Francisco e do Parnaíba   "]
[null,null,null,"                      1ª Superintendência Regional da CODEVASF - 1ª SR"]
["LOCAL: ","Pavimentação Asfáltica da Avenida Benjamin Constant - Bairros Santos Dumont, Santo Antônio e Centro"]
["REFERÊNCIAS DE PREÇO : SINAPI JUNHO/2018; SICRO JANEIRO / 2018",{"$nulls":5},"DATA BASE: JULHO/18"]
["PRAZO DE EXECUÇÃO: 180 dias "]
[{"$nulls":6},"BDI FORNECIMENTO:",null,0.18]
[{"$nulls":6},"BDI SERVIÇO:",null,{"$f":"'[1]BDI-SErviços'!D33%","v":0.25459999999999999}]
["PLANILHA ORÇAMENTÁRIA "]
["ITEM","SINAPI","ESPECIF.","DESCRIÇÃO","UND","QUANT.","PREÇO UNIT. S/BDI (R$)","PREÇO UNIT C/BDI (R$)","PREÇO TOTAL (R$)"]
["1.0",null,null,"SERVIÇOS PRELIMINARES","",null,null,null,{"$f":"SUM(I12:I36)","v":697599.96999999974}]
["1.1","CPU","ES - COD - 001","Mobilização e desmobilização de equipamentos e pessoas","GL",1,83821.320000000007,{"$f":"G12*(1+$I$8)","v":105162.228072},{"$f":"ROUND(H12*F12,2)","v":105162.23}]
["1.2","CPU","ES - COD - 001","Administração local","Gl",1,372349.62,467149.83325199998,{"$f":"ROUND(H13*F13,2)","v":467149.83}]
["1.3","74209/001","ES - COD - 001","Placa de obra em chapa de aço galvanizado","M²",9,379.67,{"$f":"G14*(1+$I$8)","v":476.33398199999999},4287.01]
["1.4",93207,"ES - COD - 001","Execução de escritório para empreiteira em canteiro de obra em chapa de madeira compensada, não incluso mobiliário e equipamentos.","M²",18.149999999999999,633.6,794.91455999999994,14427.7]
["1.5",93207,"ES - COD - 001","Execução de escritório para fiscalização em canteiro de obra em chapa de madeira compensada, não incluso mobiliário e equipamentos.","M²",12,633.6,{"$f":"G16*(1+$I$8)","v":794.91455999999994},9538.9699999999993]
["1.6",93208,"ES - COD - 001","Execução de almoxarifado em canteiro de obra  em chapa de madeira compensada, incluso prateleiras. ","M²",14.52,469.88,589.51144799999997,8559.7099999999991]
["1.7",93210,"ES - COD - 001","Execução de refeitório para empreiteira em canteiro de obra em chapa de madeira compensada, não incluso mobiliário e equipamentos.","M²",25.41,319.54000000000002,400.89488399999999,10186.74]
["1.8",93212,"ES - COD - 001","Execução de sanitário e vestiário em canteiro de obra em chapa de madeira compensada, não incluso mobiliário e equipamentos.","M²",14.52,569.97,715.08436199999994,10383.02]
["1.9","DNIT / CONSULTORIA","ES - COD - 001","Locação de veículo sedan potência mínima 71 CV - (Direção hidráulica, com ar-condicionado para apoio à fiscalização, seminovo, em bom estado de conservação, com no máximo 01 (um) ano de uso, incluindo despesas com combustível, óleos, manutenção, licenciamento, seguros, impostos, etc.)","MÊS",8,3183.46,3993.9689159999998,31951.75]
["1.10",78472,"ES - COD - 001","Serviços topográficos para pavimentação, inclusive nota de serviços, acompanhamento e greide.","M²",28800,0.43,0.53947800000000001,15536.97]
["1.11",null,"ES - COD - 001","CONTROLE TECNOLÓGICO"]
["1.11.1","74022/007","DNER - ME - 080/94","Ensaio de granulometria por peneiramento e sedimentação - solos","UD",6,169.14,{"$f":"G23*(1+$I$8)","v":212.20304399999998},1273.22]
["1.11.2","74022/008","DNER - ME - 122/94","Ensaio de Limite de Liquedez - Solos","UD",12,89.02,111.68449199999999,1340.21]
["1.11.3","74022/042","DNER - ME - 054/97","Ensaio de equivalente de areia","UD",12,80.12,100.518552,1206.22]
["1.11.4","74022/009","DNER - ME - 082/94","Ensaio de limite de Plásticidade - Solos","UD",12,80.12,100.518552,1206.22]
["1.11.5","74022/010","DNER - ME - 129/94","Ensaio de compactação - Energia Normal","UD",12,169.14,212.20304399999998,2546.44]
["1.11.6","74022/024","DNER - ME - 052/94","Ensaio de Teor de Umidade","UD",8,71.22,89.352611999999993,714.82]
["1.11.7","74022/001","DNER - ME - 003","Ensaio de Penetração - Material Betuminoso","UD",1,151.33000000000001,189.85861800000001,189.86]
["1.11.8","74022/019","DNER - ME - 049/94","Ensaio de Índice de Suporte Califórnia","UD",6,204.75,256.87934999999999,1541.28]
["1.11.9","74022/025","DNER - ME - 148/94","Ensaio de Ponto de Fulgor - Material Betuminoso","UD",1,142.43,178.692678,178.69]
["1.11.10","74022/002","DNER - ME - 004/94","Ensaio de Viscosidade SAYBOLT - FUROL - Material Betuminoso","UD",12,195.84,245.700864,2948.41]
["1.11.11","74022/040","DNER - ME - 043/95","Ensaio MARSHALL - Mistura Betuminosa a Quente","UD",9,311.57,390.89572199999998,3518.06]
["1.11.12","74022/027","DNIT - 145/12ES","Ensaio de Controle de taxa de aplicação de Ligante Betuminoso","UD",12,62.31,78.174126000000001,938.09]
["1.11.13","74022/030","NBR 5739","Ensaio de Resistência a compressão simples - Concreto","UD",8,160.24,201.037104,1608.3]
["1.11.14","74022/053","DNIT 031/2006 –ES","Ensaio de controle do grau de compactação da mistura asfáltica","UD",12,80.12,100.518552,1206.22]
["2.0",null,null,"OBRAS VIÁRIAS",{"$nulls":4},{"$f":"I38+I47+I65","v":2908798.52}]
["2.1",null,null,"TERRAPLENAGEM",{"$nulls":4},{"$f":"SUM(I39:I46)","v":161460.41999999998}]
["2.1.1",5502985,"DNIT - 104/2009","Limpeza mecanizada da camada vegetal","m²",35508.156999999999,0.38,{"$f":"G39*(1+$I$8)","v":0.47674800000000001},{"$f":"ROUND(H39*F39,2)","v":16928.439999999999}]
["2.1.2",4915667,"DNIT - 085/2006","Remoção de Pavimento Asfáltico Existente - Estacas PE 22 a 57","m³",{"$f":"35*20*8*0.03","v":168},10.49,13.160753999999999,2211.0100000000002]
["2.1.3",5914314,"DNIT - 085/2006","Transporte de material para Bota-Fora","tkm",{"$f":"F40*2.4*6.4","v":2580.48},0.93,1.1667780000000001,3010.85]
["2.1.4",4816096,"DNIT - 106/2009","Escavação e carga de material no corpo estradal com escavadeira hidráulica - Conforme Planilha Cubação","m³",4714.826,0.89,1.1165939999999999,5264.55]
["2.1.5",5915321,"DNIT - 106/2009","Transporte com caminhão basculante de 14 m³ - rodovia pavimentada - Corpo Estradal até Bota-Fora","Txkm",63367.328000000001,0.52,0.65239199999999997,41340.339999999997]
["2.1.6",4816096,"DNIT - 107/2009","Escavação e carga de material de jazida com escavadeira hidráulica - Conforme Planilha Cubação","m³",6848.9769999999999,0.89,1.1165939999999999,7647.53]
["2.1.7",5915321,"DNIT - 107/2009","Transporte com caminhão basculante de 14 m³ - rodovia pavimentada - Jazida até Corpo Estradal","Txkm",92050.29,0.52,0.65239199999999997,60052.87]
["2.1.8",5502978,"DNIT - 108/2009","Compactação de aterros a 100% do Proctor normal","m³",{"$f":"F44","v":6848.9769999999999},2.91,3.6508859999999999,25004.83]
["2.2",null,null,"PAVIMENTAÇÃO",{"$nulls":4},{"$f":"SUM(I48:I64)","v":1596125.7999999998}]
["2.2.1",4011209,"DNIT - 137/2010","Regularização do subleito","m²",{"$f":"10645.43+9802","v":20447.43},0.72,{"$f":"G48*(1+$I$8)","v":0.90331199999999989},{"$f":"ROUND(H48*F48,2)","v":18470.41}]
["2.2.2",4011256,"DNIT - 139/2010","Sub - Base estabilizada granulometricamente com mistura solo brita (50% - 50%) na pista com material de jazida e brita comercial - INCLUINDO FORNECIMENTO DA brita, ESCAVAÇÃO E CARGA DO MATERIAL DE JAZIDA, UMEDECIMENTO, HOMOGENIZAÇÃO E COMPACTAÇÃO DA MISTURA","m³",{"$f":"1870.06+2281.992","v":4152.0519999999997},58.01,{"$f":"G49*(1+$I$8)","v":72.77934599999999},302183.63]
["2.2.3",5915321,"DNIT - 139/2010","Transporte com caminhão basculante de 14 m³ - rodovia pavimentada - Jazida até Corpo Estradal - material sub base","Txkm",31887.74,0.52,{"$f":"G50*(1+$I$8)","v":0.65239199999999997},20803.310000000001]
["2.2.4",5915321,"DNIT - 139/2010","Transporte com caminhão basculante de 14 m³ - rodovia pavimentada - Britador até Corpo Estradal - material sub base","Txkm",49824.6,0.52,{"$f":"G51*(1+$I$8)","v":0.65239199999999997},32505.17]
["2.2.5",4011256,"DNIT - 141/2010","Base estabilizada granulometricamente com mistura solo brita (50% - 50%) na pista com material de jazida e brita comercial - INCLUINDO FORNECIMENTO DA BRITA, ESCAVAÇÃO E CARGA DO MATERIAL DE JAZIDA, UMEDECIMENTO, HOMOGENIZAÇÃO E COMPACTAÇÃO DA MISTURA","m³",{"$f":"1795.662+2211.068","v":4006.7300000000005},58.01,{"$f":"G52*(1+$I$8)","v":72.77934599999999},291607.19]
["2.2.6",5915321,"DNIT - 141/2010","Transporte com caminhão basculante de 14 m³ - rodovia pavimentada - Jazida até Corpo Estradal - material base","Txkm",30771.69,0.52,0.65239199999999997,20075.2]
["2.2.7",5915321,"DNIT - 141/2010","Transporte com caminhão basculante de 14 m³ - rodovia pavimentada - Britador até Corpo Estradal - material base","Txkm",48080.7,0.52,0.65239199999999997,31367.46]
["2.2.8",4011351,"DNIT - 144/2014","Execução de Imprimação com CM-30, medido em planta","m²",{"$f":"9518.12+9574.9+811","v":19904.02},0.23,0.28855799999999998,5743.46]
["2.2.9","Portaria 1977 - DNIT","Portaria 1977 - DNIT","Transporte de CM-30 - Gabriel Passos/Pirapora","T",{"$f":"F55*0.0012","v":23.884823999999998},140.81399999999999,176.66524439999998,4219.62]
["2.2.10",4011353,"DNIT - 145/2012","Execução de Pintura de Ligação com RR-1C","m²",{"$f":"F55","v":19904.02},0.19,0.238374,4744.6000000000004]
["2.2.11","Portaria 1977 - DNIT","Portaria 1977 - DNIT","Transporte de RR-1C - Gabriel Passos/Pirapora","T",{"$f":"F57*0.00045","v":8.9568089999999998},140.81399999999999,176.66524439999998,1582.36]
["2.2.12","CPU","DNIT - 031/2006","Execução de Concreto asfáltico - faixa c - areia e brita comerciais (3,0 CM)","T",{"$f":"F57*0.03*2.427","v":1449.2116962},48.54,{"$f":"G59*(1+$I$8)","v":60.898283999999997},88254.51]
["2.2.13",5915321,"Portaria 1977 - DNIT","Transporte de CBUQ - Usina Montes Claros / Pista","Txkm",253611.75,0.52,0.65239199999999997,165454.28]
["2.2.14",null,null,"Fornecimento do Material Betuminoso",{"$nulls":4},0]
["2.2.14.1",41901,"DNER - EM - 363/97","Aquisição de Asfalto Diluido de Petroleo CM-30","T",{"$f":"F55*0.0012","v":23.884823999999998},{"$f":"3.45*1000","v":3450},{"$f":"G62*(1+$I$7)","v":4071},97235.12]
["2.2.14.2",41905,"DNIT 165/2013 - EM","Aquisição de Emulsão Asfáltica RR-1C","T",{"$f":"F57*0.00045","v":8.9568089999999998},{"$f":"1.51*1000","v":1510},{"$f":"G63*(1+$I$7)","v":1781.8},15959.24]
["2.2.14.3","Cotação","DNIT - 031/2006","Massa asfáltica Usinada em Montes Claros - incluso mão de obra, materiais e CAP 50/70.","T",{"$f":"F59","v":1449.2116962},290,{"$f":"G64*(1+$I$7)","v":342.2},495920.24]
["2.3",null,null,"DRENAGEM",{"$nulls":4},{"$f":"SUM(I66:I92)","v":1151212.3000000003}]
["2.3.1",4805757,"DNIT - 023/2006-ES","Escavação mecânica de valas material de 1ª categoria","m³",2851.24,5.8,{"$f":"G66*(1+$I$8)","v":7.2766799999999998},{"$f":"ROUND(H66*F66,2)","v":20747.560000000001}]
["2.3.2","0804015","DNIT - 023/2006-ES","Corpo de BSTC D = 0,40 m PA2 - Incluindo forma e concreto para berço","m",372,164.1,205.87985999999998,76587.31]
["2.3.3","0804023","DNIT - 023/2006-ES","Corpo de BSTC D = 0,60 m PA2 - Incluindo forma e concreto para berço","m",344,259.14,325.11704399999996,111840.26]
["2.3.4","0804031","DNIT - 023/2006-ES","Corpo de BSTC D = 0,80 m PA2 - Incluindo forma e concreto para berço","m",345,392.57,492.51832199999996,169918.82]
["2.3.5","0804039","DNIT - 023/2006-ES","Corpo de BSTC D = 1,00 m PA2 - Incluindo forma e concreto para berço","m",48,517.57000000000005,649.34332200000006,31168.48]
["2.3.6","0804047","DNIT - 023/2006-ES","Corpo de BSTC D = 1,20 m PA2 - Incluindo forma e concreto para berço","m",106,735.51,922.77084599999989,97813.71]
["2.3.7","0804055","DNIT - 023/2006-ES","Corpo de BSTC D = 1,50 m PA2 - Incluindo forma e concreto para berço","m",87,1033.1099999999999,1296.1398059999999,112764.16]
["2.3.8","97629","DNIT - 027/2004-ES","Demolição de concreto armado com martelete.","m³",0.9,80.91,101.50968599999999,91.36]
["2.3.9","94964","DNER - ES - 346/97","Concreto FCK = 20MPA, traço 1:2,7:3 (cimento/ areia média/ brita 1 - Preparo mecânico com betoneira e lançamento.","m³",0.3,252.01,{"$f":"G74*(1+$I$8)","v":316.17174599999998},94.85]
["2.3.10","3108013","DNER - ES - 346/97","Formas de compensado plastificado 12 mm - uso geral","m²",0.51,59.8,{"$f":"G75*(1+$I$8)","v":75.025079999999988},38.26]
["2.3.11","89996","DNER - ES - 346/97","Armação aço CA-50 ","KG",108,5.99,{"$f":"G76*(1+$I$8)","v":7.5150540000000001},811.63]
["2.3.12","0804061","DNIT - 026/2004-ES","Boca BSTC D= 400 MM ","u",1,272.35000000000002,341.69031000000001,341.69]
["2.3.13","0804121","DNIT - 026/2004-ES","Boca BSTC D= 1000 MM ","u",1,1339.5,1680.5366999999999,1680.54]
["2.3.14","0804141","DNIT - 026/2004-ES","Boca BSTC D= 1200 MM ","u",4,1838.95,2307.1466700000001,9228.59]
["2.3.15","0804161","DNIT - 026/2004-ES","Boca BSTC D= 1500 MM ","u",3,3131.77,3929.1186419999999,11787.36]
["2.3.16","2003569","DNIT - 016/2006-ES","Dreno longitudinal profundo para corte em solo - DPS 07 - tubo de concreto","m",1480,102.53,128.63413800000001,190378.52]
["2.3.17","4915671","DNIT - 108/2009","Reaterro compactado de vala com soquete vibratório","m³",1878.28,12.91,16.196885999999999,30422.29]
["2.3.18","2003939","DNIT - 020/2006-ES","Meio fio de concreto - MFC 01 moldado no local com extrusora e concreto usinado ","m",2280,40.85,51.250410000000002,116850.93]
["2.3.19","2003947",{"$f":"C83","v":"DNIT - 020/2006-ES"},"Meio fio de concreto - MFC 05 moldado no local com extrusora e concreto usinado","m",4700,12.93,16.221978,76243.3]
["2.3.20",null,null,"CAIXA DE PASSAGEM TIPO A - PADRÃO SUDECAP",{"$nulls":4},0]
["2.3.20.1","19.15.03","SUDECAP","DN 600 MM","U",1,991.62,{"$f":"G86*(1+$I$8)","v":1244.086452},1244.0899999999999]
["2.3.20.2","15.15.05","SUDECAP","DN 800 MM","U",14,1360.13,{"$f":"G87*(1+$I$8)","v":1706.4190980000001},23889.87]
["2.3.20.3","15.15.07","SUDECAP","DN 1000 MM","U",1,1777.6,{"$f":"G88*(1+$I$8)","v":2230.1769599999998},2230.1799999999998]
["2.3.20.4","15.15.09","SUDECAP","DN 1200 MM","U",2,2256.2800000000002,{"$f":"G89*(1+$I$8)","v":2830.7288880000001},5661.46]
["2.3.21",null,null,"BOCA DE LOBO SIMPLES (TIPO B), GRELHA DE CONCRETO",{"$nulls":4},0]
["2.3.21.1","2003626","DNIT - 030/2004-ES","BLSG 01","U",44,634.99,{"$f":"G91*(1+$I$8)","v":796.65845400000001},35052.97]
["2.3.21.2","2003627","DNIT - 030/2004-ES","BLSG 02","U",26,745.69,{"$f":"G92*(1+$I$8)","v":935.54267400000003},24324.11]
["3.0",null,null,"SINALIZAÇÃO E URBANIZAÇÃO",{"$nulls":4},{"$f":"I94+I104","v":750672.46}]
["3.1",null,null,"URBANIZAÇÃO E OBRAS COMPLEMENTARES",{"$nulls":4},{"$f":"SUM(I95:I103)","v":716724.13}]
["3.1.1",92403,"DNER - 327/1997-ES","Execução de piso intertravado, com bloco 16 faces de 22 X 11 cm, espessura 6 cm.","m²",6540.83,45.46,{"$f":"G95*(1+$I$8)","v":57.034115999999997},{"$f":"ROUND(H95*F95,2)","v":373050.46}]
["3.1.2",null,null,"CANAL DE ESGOTAMENTO PLUVIAL TRAPEZOIDAL",{"$nulls":4},0]
["3.1.2.1",4816096,"DNIT - 106/2009","Escavação e carga de material ","m³",2407.5,0.89,{"$f":"G97*(1+$I$8)","v":1.1165939999999999},2688.2]
["3.1.2.2",5915321,"DNIT - 106/2009","Transporte com caminhão basculante de 14 m³ - rodovia pavimentada - Corpo Estradal até Bota-Fora","Txkm",20180.7,0.52,0.65239199999999997,13165.73]
["3.1.2.3",94097,"DNIT - 023/2006-ES","Apiloamento de fundo de vala","m²",802.5,4.32,5.4198719999999998,4349.45]
["3.1.2.4",73611,"ET-DE-H00/011 - DER/SP","Enrocamento com pedra argamassada traço 1:4 com pedra de mão - Paredes e Fundo do Canal - Conforme Projeto","m³",468.125,309.67,388.51198199999999,181872.17]
["3.1.3",4915723,"DNIT - 020/2006-ES","Caiação interna,três demãos com pigmento","m²",2973,2.2999999999999998,2.8855799999999996,8578.83]
["3.1.4",5502978,"DNIT - 108/2009","Compactação de aterros a 100% do Proctor normal","m²",905.96,2.91,3.6508859999999999,3307.56]
["3.1.5",94991,"SUDECAP","Execução de passeio (calçada) em concreto, acabamento convencional, não armado, E = 6 cm, FCK = 10 MPA, junta seca","m³",271.79000000000002,380.4,477.24983999999995,129711.73]
["3.2",null,null,"SINALIZAÇÃO VIÁRIA",{"$nulls":4},{"$f":"SUM(I105:I108)","v":33948.329999999994}]
["3.2.1",5213401,"DNIT - 100/2018-ES","Pintura de faixa - tinta base acrílica - espessura de 0,6 mm - Conforme Projeto","m²",{"$f":"(11985*0.1+552+87.5)/2","v":919},16.78,{"$f":"G105*(1+$I$8)","v":21.052188000000001},{"$f":"ROUND(H105*F105,2)","v":19346.96}]
["3.2.2",5213572,"DNIT - 101/2018-ES","Fornecimento e implantação de placa em aço - PELÍCULA RETROREFLEXITIVA","m²",{"$f":"1.8*0.7+2.2*1.4","v":4.34},373.04,{"$f":"G106*(1+$I$8)","v":468.015984},{"$f":"ROUND(H106*F106,2)","v":2031.19}]
["3.2.3",5213456,"DNIT - 101/2018-ES","Fornecimento e implantação de placa de regulamentação em fibra, R1 lado 0,248 m - película retrorrefletiva tipo I e SI","UND",14,220.12,{"$f":"G107*(1+$I$8)","v":276.16255200000001},{"$f":"ROUND(H107*F107,2)","v":3866.28}]
["3.2.4",5213440,"DNIT - 101/2018-ES","Fornecimento e implantação de placa de regulamentação em aço D = 0,60 m - película retrorrefletiva tipo I e SI ","UND",33,210.23,{"$f":"G108*(1+$I$8)","v":263.75455799999997},{"$f":"ROUND(H108*F108,2)","v":8703.9}]
["TOTAL GERAL",{"$nulls":7},{"$f":"I93+I37+I11","v":4357070.9499999993}]
[]
[]
[]
[]
[null,null,null,"        "]
[]
[]
[]
[]
[]
[{"$nulls":5},"  "]